La réponse est un palindrome... - Statistiques

Statistiques générales
  • Ce quiz a été pris 45 247 fois
  • Le résultat moyen est 10 sur 16
Statistiques - réponses
Questions Réponses % Correct
Saison Été
99%
Contraire de tard Tôt
95%
Sorte de pirogue légère dirigée à l'aide d'une pagaie Kayak
92%
Mot de désaccord Non
92%
Utilisé pour contrôler la vitesse sur les routes Radar
86%
Pas là-bas Ici
84%
Peut être rock, corn, art ou culture par exemple Pop
79%
Verbe désignant quelque chose que l'on peut faire pendant son sommeil Rêver
77%
Géologique ou glacière par exemple Ère
58%
Passé simple d'un verbe du premier groupe ou nom d'une compagnie assurance Aviva/AXA
57%
Revenir sur les mêmes choses, faire repasser dans son esprit Ressasser
49%
Chef lieu de la Mayenne ou ville de la banlieue de Montréal Laval
39%
Scène ou histoire drôle Gag
29%
Toucher de nouveau Retâter
17%
Passé simple du verbe semer Semâmes
17%
Fusil français de petit calibre utilisé pendant la Grande Guerre Lebel
6%
Aucun quiz correspondant
Distribution des résultats
% des personnes avec chaque résultat
Percentile par nombre de réponses
Votre historique - résultats
Vous n’avez pas pris ce quiz